| 000 | 00990nas a2200325 4500 | ||
|---|---|---|---|
| 001 | BR2014006697 | ||
| 003 | BR-BrBNA | ||
| 005 | 20231205124636.0 | ||
| 007 | ta | ||
| 008 | 230509b bl.|||p| |||| 00| 00por d | ||
| 040 |
_aBR-BrBNA _bpor _cBiblioteca Nacional de Agricultura |
||
| 041 | _a(Pt) | ||
| 072 | _aF30 | ||
| 100 | 1 | _aLaviola, B.G. | |
| 100 | 1 | _aSilva, S.D. dos A. e | |
| 100 | 1 | _aJuhász, A.C.P. | |
| 100 | 1 | _aRocha, R.B. | |
| 100 | 1 | _aOliveira, R.J.P. de | |
| 100 | 1 | _aAlbrecht, J.C. | |
| 100 | 1 | _aAlves, A.A. | |
| 100 | 1 | _aRosado, T.B. | |
| 245 | 1 | _aDesempenho agronômico e ganho genético pela seleção de pinhão-manso em três regiões do Brasil | |
| 650 | _aPINHÃO DE PURGA | ||
| 650 | _aSELEÇÃO | ||
| 650 | _aGENÉTICA VEGETAL | ||
| 650 | _aGENÓTIPO | ||
| 773 | 0 |
_tPesquisa Agropecuária Brasileira (Brazil) _xISSN 0100-204X _g(May 2014), v. 49(5) p. 356-363 _wBR2014006697 |
|
| 909 |
_a202311 _bLúcia _c55 _dLúcia Elande |
||
| 942 |
_2AGRIS _n0 _cANA |
||
| 999 |
_c240141 _d240141 |
||